1836 1602 1623 1949 1635 1969 1703 1876 1193 1617 1736 1622 1524 1208 1543 1397 1775 1460 1765 1740 1517 1337 1651 1248 1658 1905 1758 1662 1895 1550 1390 1816 1947 1562 1683 1110 1010 1419 1660 1506 1534 1710 1937 1574 1243 1269 1071 1798 1360 1729 1662 1243 1287 1333 1330 1263 1249 1156 1346 1016 1855 1223 1370 1944 1380 1774 1512 1714 1679 1745 1886 1873 1983 1320 1760 1919 1623 1540 1163 1723 1155 1585 1512 1465 1346 1199 1218 1367 1102 1530 1024 1476 1591 1640 1498 1297 1860 1320 1181 BCNSPRNW ULIB Ver.6.0+V

เปลี่ยนเป็นภาษาไทย

Change to English
 แสดงรายละเอียดบรรณานุกรม
  กลับหน้าหลัก

Brief Record : Get Marc (ISO 2709) : E-mail record : QR code < ปิดหน้าต่าง
LEADER : 00000nam 2200000uu 4500
001    13399126337
003     ULIB
008    180910s2560||||th 000 0 tha d
020    ^a9786168139042
060    ^aWB115 ล117อ
100    ^aลัลชริมา ภู่พัฒน์และคณะ
245    ^aอาการวิทยาฉบับพกพา/ลัลชริมา ภู่พัฒน์และคณะ
250    ^aพิมพ์ครั้งที่ 1
260    ^aกรุงเทพฯ :^bมหาวิทยาลัยธรรมศาสตร์,^c2560
300    ^a434 หน้า
650    ^aอายุรศาสตร์
945    ^p350^l0^i26585
945    ^p350^l0^i26584
999    ^aกัณชพร จุลอักษร
รายการนี้ยังไม่มีแท็ก
คุณยังไม่ได้ล็อกอิน คุณสามารถมีกิจกรรมร่วมกับเว็บไซต์ได้ แต่ต้องล็อกอินก่อน ::
  ล็อกอิน

รายการสื่อสารสนเทศ

ลำดับที่ ประเภท เลขเรียก/บาร์โค้ด สถานที่ สถานะ
1. หนังสือสำรอง
หนังสือสำรอง
WB115 ล117อ ฉ.1 
  Barcode: 26584
ห้องสมุดวิทยาเขตนครสวรรค์
►หนังสือทั่วไป:l:General Books
บนชั้น
2. วิทยาศาสตร์การแพทย์ และสุขภาพ
วิทยาศาสตร์การแพทย์ และสุขภาพ
WB115 ล117อ ฉ.2 
  Barcode: 26585
ห้องสมุดวิทยาเขตนครสวรรค์
►หนังสือทั่วไป:l:General Books
บนชั้น

รายการใกล้เคียง
    ชื่อเรื่อง [อาการวิทยาฉบับพกพา/ลัลชริมา ภู่พัฒน์และคณะ]

    ผู้แต่ง [ลัลชริมา ภู่พัฒน์และคณะ]

    หัวเรื่อง [อายุรศาสตร์]

BibComment


ยังไม่เคยถูกคอมเมนท์

คอมเมนท์ทรัพยากรรายการนี้
  คอมเมนท์: อาการวิทยาฉบับพก..


 Copyright 2026. Bcnsprnw @Library